000 00433nam a2200157 i 4500
001 42700
003 ES-MaACL
005 20230906160649.0
007 t|
008 030313s1967 sp ||||1| spa d
100 1 _aCastillo Velilla, Antonio.
_936771
245 1 0 _aLeyendas de Monte-Caro /
_cAntonio Castillo Velilla.
260 _a[Zaragoza :
_bs.n.],
_c1967.
300 _a338 p. ;
_c19 cm.
852 _aES-MaACL
_jC-33654
_bR.63076
999 _c42700
_d42700